| 000 | 00409nam a22001217a 4500 | ||
|---|---|---|---|
| 082 | _a200 THE | ||
| 100 |
_aAYAZ MAHMOOD KHAN _970371 |
||
| 245 | _aTH-SOF-1165-Failure and Random Vibration Response Analysis of a Tracked Vehicle Balance Arm for Fatigue Life Estimation | ||
| 260 |
_aISLAMABAD _bNUST COLLEGE OF EME _c2015 |
||
| 650 | _a MS-MECH-72 MSTHESIS | ||
| 700 |
_aDr Khalid Mahmood _916214 |
||
| 942 | _cCF | ||
| 999 |
_c577357 _d577357 |
||